[Event "Ruhrgebiet Bezirksliga 17/18"]
[Site "Ruhrgebiet"]
[Date "2018.02.18"]
[Round "7.8"]
[White "Zebrowski, Marcel"]
[Black "Przybela, Josef Franz"]
[Result "1/2-1/2"]
[WhiteElo "1483"]
[BlackElo "1645"]
[PlyCount "105"]
[EventDate "2017.09.03"]
[EventType "team-tourn"]
[EventRounds "9"]
[EventCountry "GER"]
[SourceTitle "EXT 2022"]
[Source "ChessBase"]
[SourceDate "2021.10.06"]
[SourceVersion "1"]
[SourceVersionDate "2021.10.06"]
[SourceQuality "1"]
[WhiteTeam "Kamen SV IV"]
[BlackTeam "Hamm Koenigsspringer II"]
[WhiteTeamCountry "GER"]
[BlackTeamCountry "GER"]

1. e4 c5 2. Nf3 Nc6 3. Bc4 d6 4. h3 e6 5. Nc3 Nf6 6. 0-0 Be7 7. d3 0-0 8. Bg5 h6 9. Bh4 a6 10. a4 Bd7 11. Re1 Nh7 12. Bg3 Na5 13. Ba2 b5 14. axb5 axb5 15. Qd2 Re8 16. Bb1 Qb6 17. Bf4 Nb3 18. cxb3 Rxa1 19. Be3 Qa5 20. Qc2 Nf8 21. d4 cxd4 22. Nxd4 e5 23. Nde2 Be6 24. Bd2 Rc8 25. Qd1 Qa6 26. f4 f6 27. f5 Bf7 28. Be3 Nd7 29. Nd5 Bd8 30. Qd3 Nc5 31. Bxc5 dxc5 32. Nec3 b4 33. Qxa6 Rxa6 34. Na4 Kf8 35. Bd3 Rd6 36. Bc4 Be8 37. Ra1 Ra8 38. Rc1 Bxa4 39. bxa4 Rxa4 40. b3 Ra2 41. Re1 Rd7 42. Kh2 Rda7 43. Kg3 Ra1 44. Rxa1 Rxa1 45. Kf3 Ra5 46. Ne3 Ke7 47. Bd5 Ra1 48. Bc4 Ra2 49. Nd5+ Kd6 50. Ne3 Ba5 51. Nd5 Rc2 52. Ne3 Rc1 53. Ke2 1/2-1/2

[Event "Ruhrgebiet Bezirksliga 17/18"]
[Site "Ruhrgebiet"]
[Date "2017.09.03"]
[Round "1.7"]
[White "Zebrowski, Marcel"]
[Black "Moeller, Manuel"]
[Result "1/2-1/2"]
[WhiteElo "1483"]
[BlackElo "1489"]
[PlyCount "54"]
[EventDate "2017.09.03"]
[EventType "team-tourn"]
[EventRounds "9"]
[EventCountry "GER"]
[SourceTitle "EXT 2022"]
[Source "ChessBase"]
[SourceDate "2021.10.06"]
[SourceVersion "1"]
[SourceVersionDate "2021.10.06"]
[SourceQuality "1"]
[WhiteTeam "Kamen SV IV"]
[BlackTeam "Kamen SV III"]
[WhiteTeamCountry "GER"]
[BlackTeamCountry "GER"]

1. e4 c6 2. Nf3 d5 3. exd5 cxd5 4. d4 Bg4 5. Be2 e6 6. 0-0 Nf6 7. Nc3 Be7 8. Bg5 0-0 9. Ne5 Bxe2 10. Qxe2 a6 11. Rad1 Nbd7 12. f4 Rc8 13. Qd3 Ne8 14. Bxe7 Qxe7 15. Rde1 Nd6 16. Rf3 Nf6 17. Rh3 Nfe4 18. Nf3 h6 19. Nd2 f5 20. Ne2 Qc7 21. c3 Nxd2 22. Qxd2 Qc4 23. Qe3 Ne4 24. Nc1 Rf6 25. Qe2 Qc7 26. Nd3 Qa5 27. a3 b5 1/2-1/2